Plats d'Europe - Mort subite - Statistiques

Statistiques générales
  • Ce quiz a été pris 465 fois
  • Le résultat moyen est 5 sur 20
Answers on the Grid
Answers color-coded by a green-red scale on the quiz's grid according to % correct below.
Bouillabaisse
Flammeküche
Carbonade flamande
Tarte al d'jote
Tiramisu
Panelle
Parmigiana d'aubergines
Flamenquín
Paella
Magiritsa
Goulasch
Fish and Chips
Bœuf Wellington
Knipp
Caldeirada
Fårikål
Kapsalon
Bortsch
Coddle
Rösti
Tamales
Congri
Galinhada
Pastel de Papa
Enchilada
Chili con carne
Nachos
Carapulca
Couscous
Tajine
Riz Wolof
Tahchin
Okonomiyaki
Gyoza
Canard laqué
Baozi
Tteokbokki
Kimchi
Poulet Tandoori
Pavlova
 
Statistiques - réponses
Réponse % Correct
Espagne Paella
60%
Italie Tiramisu
53%
Royaume-Uni Fish and Chips
51%
France Flammeküche
47%
France Bouillabaisse
43%
Belgique/France/Pays-Bas Carbonade flamande
39%
Hongrie Goulasch
32%
Suisse Rösti
29%
Royaume-Uni Bœuf Wellington
27%
Italie Parmigiana d'aubergines
25%
Ukraine Bortsch
20%
Espagne Flamenquín
8%
Italie Panelle
8%
Norvège Fårikål
6%
Allemagne Knipp
5%
Belgique Tarte al d'jote
5%
Portugal/Galice Caldeirada
3%
Grèce Magiritsa
3%
Irlande Coddle
2%
Pays-Bas Kapsalon
0%
Aucun quiz correspondant
Distribution des résultats
% des personnes avec chaque résultat
Percentile par nombre de réponses
Votre historique - résultats
Vous n’avez pas pris ce quiz